01295nam a22001817a 450000500170000000800410001702000180005804000070007604100080008308200200009110000200011124500180013126000310014930000250018036500470020552008490025265000120110120220113110646.0220113b ||||| |||| 00| 0 eng d a9781406362176 cAL aeng 223a813.6bCLAC aCassandra Clare aCity of ashes aLondonbWalker Booksc2015 a411PbPBc20x12.5cm. b₹351.00c₹d₹450.00e22%f18-12-2021 aSecond in Cassandra Clare’s internationally bestselling Mortal Instruments series about the Shadowhunters.Discover more secrets about the Shadowhunters in the second of 6 brand-new collectable editions of the internationally bestselling Mortal Instruments series. Love and power are the deadliest temptations… Haunted by her past, Clary is dragged deeper into New York City's terrifying underworld of demons and Shadowhunters – but can she control her feelings for a boy who can never be hers? Gorgeous cover illustration by Mila Furstova, the artist who created the album art for Coldplay’s Ghost Stories. Read all the sensational books in The Shadowhunter Chronicles: The Mortal Instruments, The Infernal Devices, Tales from the Shadowhunter Academy, The aneronicles, The Dark Artifices, The Last Hours and The Shadowhunter’s Codex. aFiction